[Event "ICS rated standard match"]
[Site "204.178.125.65"]
[Date "2000.08.07"]
[Round "?"]
[White "Hossa"]
[Black "HIG"]
[Result "1-0"]
[WhiteElo "2367"]
[BlackElo "1923"]
[PlyCount "99"]
[EventDate "2000.??.??"]

1. d4 d5 2. c4 e6 3. Nc3 Be7 4. cxd5 exd5 5. Bf4 c6 6. e3 Nf6 7. Bd3 O-O 8. Qc2
Bd6 9. Bxd6 Qxd6 10. Nf3 Re8 11. O-O Bg4 12. Nh4 Nbd7 13. Nf5 Bxf5 14. Bxf5 Nf8
15. a3 g6 16. Bh3 Ne6 17. Qd1 Ng5 18. Bg4 Nxg4 19. Qxg4 Ne4 20. Nxe4 Rxe4 21.
Qf3 Rae8 22. b3 a6 23. Rfc1 f5 24. g3 h5 25. Rd1 h4 26. Rd2 hxg3 27. hxg3 Kg7
28. Kf1 Rh8 29. Ke1 Rh3 30. Qg2 Rh8 31. Rc2 Rhe8 32. Re2 c5 33. dxc5 Qxc5 34.
Kf1 d4 35. Raa2 Qb5 36. Kg1 Qxb3 37. Reb2 Qd1+ 38. Qf1 Qxf1+ 39. Kxf1 R8e7 40.
exd4 Rxd4 41. Rb6 Kh6 42. Rab2 Rdd7 43. R2b4 Kg5 44. Rh4 f4 45. Rxf4 Rf7 46.
Rxf7 Rxf7 47. f4+ Kf5 48. Ke2 Rg7 49. Kf3 g5 50. g4# {HIG checkmated} 1-0

[Event "ICS rated standard match"]
[Site "204.178.125.65"]
[Date "2000.08.07"]
[Round "?"]
[White "stevesand"]
[Black "Hossa"]
[Result "0-1"]
[WhiteElo "2034"]
[BlackElo "2369"]
[PlyCount "58"]
[EventDate "2000.??.??"]

1. d4 Nf6 2. c4 e6 3. Nf3 b6 4. g3 Ba6 5. Qc2 c5 6. dxc5 Bxc5 7. Bg2 O-O 8. O-O
Nc6 9. a3 d5 10. b4 Nd4 11. Qb2 Nxe2+ 12. Qxe2 Bxc4 13. Qd1 Bxf1 14. Kxf1 Bd6
15. Bb2 Rc8 16. Nbd2 Qe7 17. Ne5 b5 18. Kg1 Rc7 19. Nb3 Ne4 20. Bxe4 dxe4 21.
Qe2 f6 22. Ng4 a6 23. Rd1 f5 24. Ne5 Rfc8 25. Bd4 Rc2 26. Qe3 Qb7 27. Nc5 Qd5
28. Ned7 Bxc5 29. Nxc5 e5 {stevesand resigns} 0-1

[Event "ICS rated standard match"]
[Site "204.178.125.65"]
[Date "2000.08.07"]
[Round "?"]
[White "Hossa"]
[Black "BarryNelson"]
[Result "1-0"]
[WhiteElo "2373"]
[BlackElo "2164"]
[PlyCount "91"]
[EventDate "2000.??.??"]

1. d4 d6 2. Nf3 g6 3. c4 Bg7 4. e4 c5 5. dxc5 Qa5+ 6. Nc3 Qxc5 7. Nd5 e6 8. Be3
Qa5+ 9. Bd2 Qd8 10. Bc3 Nf6 11. Nxf6+ Bxf6 12. Bxf6 Qxf6 13. Qd2 O-O 14. O-O-O
Nc6 15. h4 h5 16. Qh6 Rd8 17. Kb1 b6 18. Be2 Bb7 19. Ng5 Qg7 20. Qxg7+ Kxg7 21.
Rh3 Rd7 22. Rhd3 Rad8 23. f4 Na5 24. b3 Ba6 25. f5 e5 26. fxg6 Kxg6 27. g4 Nc6
28. gxh5+ Kh6 29. Rxd6+ Rxd6 30. Rxd6+ Rxd6 31. Nxf7+ Kg7 32. Nxd6 Nd4 33. Bg4
b5 34. Kc1 bxc4 35. bxc4 Nc6 36. c5 Nb4 37. Kb1 Nc6 38. Bd7 Bd3+ 39. Kb2 Ne7
40. c6 Kh6 41. c7 Ba6 42. Bg4 Ng8 43. Bc8 Be2 44. Nf5+ Kxh5 45. Bb7 Ne7 46.
Nxe7 {BarryNelson resigns} 1-0

[Event "ICS rated standard match"]
[Site "204.178.125.65"]
[Date "2000.08.07"]
[Round "?"]
[White "Hossa"]
[Black "TerraPi"]
[Result "1-0"]
[WhiteElo "2377"]
[BlackElo "2355"]
[PlyCount "183"]
[EventDate "2000.??.??"]

1. d4 d5 2. Nf3 Bf5 3. Bf4 e6 4. e3 Bd6 5. Bxd6 Qxd6 6. Nc3 Nf6 7. Nh4 Bg4 8.
f3 Bh5 9. g4 g5 10. Nb5 Qc6 11. gxh5 gxh4 12. Qd2 Nxh5 13. Nc3 Qd6 14. O-O-O
Qd8 15. Rg1 Nc6 16. e4 dxe4 17. fxe4 Nf6 18. Qf4 Nd7 19. e5 a6 20. Rg7 Qe7 21.
Bd3 Nf8 22. Rf1 O-O-O 23. Rxf7 Qb4 24. Ne2 Ng6 25. Qf6 Nxd4 26. Kb1 Nxe2 27.
Bxe2 Qe4 28. Qxe6+ Kb8 29. Bf3 Qxe5 30. Qb3 b5 31. Qa3 Qe6 32. Bh5 Rhf8 33.
Rxf8 Nxf8 34. h3 Ng6 35. Bg4 Qd6 36. Qc3 Ne5 37. Be2 c5 38. a4 b4 39. Qe3 Re8
40. Rf4 Re7 41. Rf8+ Ka7 42. Qf2 Nd7 43. Rd8 Qb6 44. Rh8 Qf6 45. Qh2 Qe5 46.
Qxe5 Nxe5 47. Rc8 Kb6 48. Rb8+ Ka5 49. Ra8 Re6 50. b3 c4 51. bxc4 Kxa4 52. Ra7
h6 53. c5 a5 54. Rb7 Nc6 55. Bc4 Re3 56. Kb2 Nd4 57. Rb6 h5 58. Bf7 Re2 59. Bg6
Re5 60. c6 Rb5 61. c7 Rxb6 62. Be8+ Nc6 63. c8=Q Kb5 64. Bxh5 Rb8 65. Qf5+ Kb6
66. Bf3 Rb7 67. Qe6 Rc7 68. Qe3+ Ka6 69. Qc5 Kb7 70. Qb5+ Kc8 71. Bxc6 Rf7 72.
Qa6+ Kc7 73. Qb7+ Kd6 74. Qxf7 Kxc6 75. Qc4+ Kb6 76. Qxh4 Kc6 77. Qxb4 axb4 78.
h4 Kd5 79. Kb3 Ke5 80. Kxb4 Ke4 81. c4 Kf4 82. c5 Kg4 83. c6 Kxh4 84. c7 Kg4
85. c8=Q+ Kf4 86. Qd8 Ke5 87. Qg5+ Kd6 88. Kb5 Ke6 89. Kc6 Kf7 90. Kd6 Kf8 91.
Ke6 Ke8 92. Qg8# {TerraPi checkmated} 1-0

[Event "ICS rated standard match"]
[Site "204.178.125.65"]
[Date "2000.08.07"]
[Round "?"]
[White "Interceptor"]
[Black "Hossa"]
[Result "1-0"]
[WhiteElo "2487"]
[BlackElo "2392"]
[PlyCount "125"]
[EventDate "2000.??.??"]

1. d4 Nf6 2. c4 e6 3. Nf3 b6 4. g3 Ba6 5. b3 Bb7 6. Bg2 Bb4+ 7. Bd2 c5 8. Bxb4
cxb4 9. O-O O-O 10. a3 bxa3 11. Nxa3 d6 12. Nb5 a6 13. Nc3 Ne4 14. Nxe4 Bxe4
15. Qd2 d5 16. Rfc1 Nc6 17. Qe3 Na5 18. Ra2 Qd6 19. c5 Qc7 20. Ne5 Bxg2 21.
Kxg2 Rfc8 22. Rca1 Qb7 23. b4 Nc4 24. Nxc4 dxc4+ 25. Qf3 Qxf3+ 26. Kxf3 bxc5
27. bxc5 e5 28. e3 Rc6 29. Rc1 g6 30. Rxc4 Rd8 31. Rd2 Rdc8 32. Ke4 f6 33. Rb2
h6 34. Rb7 h5 35. Kd5 g5 36. dxe5 fxe5 37. Re7 e4 38. Rexe4 Kf7 39. Re5 Rg6 40.
c6 h4 41. gxh4 gxh4 42. Rf5+ Kg7 43. c7 Rh6 44. Rg5+ Kh8 45. Rc6 Rh7 46. Kd6 h3
47. Rc4 a5 48. Rxa5 Kg8 49. Rg5+ Kh8 50. f3 Rhxc7 51. Rxc7 Rd8+ 52. Rd7 Ra8 53.
Rh5+ Kg8 54. Rxh3 Rb8 55. f4 Ra8 56. f5 Ra6+ 57. Ke5 Ra5+ 58. Kf6 Ra6+ 59. Kg5
Ra5 60. Rd8+ Kg7 61. Rdh8 Rxf5+ 62. Kxf5 Kf7 63. R3h7# {Hossa checkmated} 1-0

[Event "ICS rated standard match"]
[Site "204.178.125.65"]
[Date "2000.08.07"]
[Round "?"]
[White "Hossa"]
[Black "stevesand"]
[Result "1/2-1/2"]
[WhiteElo "2380"]
[BlackElo "2053"]
[PlyCount "75"]
[EventDate "2000.??.??"]

1. d4 Nf6 2. Nf3 g6 3. c4 Bg7 4. g3 O-O 5. Bg2 c6 6. O-O d5 7. cxd5 cxd5 8. Nc3
Ne4 9. Nxe4 dxe4 10. Ne5 Nd7 11. Nxd7 Qxd7 12. e3 Qd5 13. f3 Bf5 14. g4 exf3
15. Qxf3 Qxf3 16. Bxf3 Bd3 17. Rf2 Rab8 18. h4 e5 19. Rd2 Bc4 20. b3 Ba6 21.
Bb2 exd4 22. exd4 Rfe8 23. Rf2 Bd3 24. Bd5 Re7 25. Rd1 Ba6 26. Bf3 Rbe8 27. b4
Bc4 28. Kg2 Be2 29. Bxe2 Rxe2 30. g5 Rxf2+ 31. Kxf2 Re4 32. Rc1 Bxd4+ 33. Kf3
Rxh4 34. Rc8+ Kg7 35. Kg3 Re4 36. Kf3 Rh4 37. Kg3 Re4 38. Kf3 1/2-1/2

[Event "ICS rated standard match"]
[Site "204.178.125.65"]
[Date "2000.08.07"]
[Round "?"]
[White "Interceptor"]
[Black "Hossa"]
[Result "1-0"]
[WhiteElo "2510"]
[BlackElo "2368"]
[PlyCount "103"]
[EventDate "2000.??.??"]

1. e4 e5 2. f4 Nf6 3. fxe5 Nxe4 4. Nf3 Ng5 5. d4 Nxf3+ 6. Qxf3 Qh4+ 7. Qf2
Qxf2+ 8. Kxf2 Nc6 9. Be3 d6 10. Bb5 a6 11. Bxc6+ bxc6 12. Nd2 Bf5 13. exd6 cxd6
14. Rae1 Bxc2 15. Rc1 Ba4 16. b3 Bb5 17. a4 Bd3 18. Rxc6 d5 19. Bf4 Bb4 20.
Re1+ Be4 21. Re2 f5 22. Re6+ Kf7 23. Rb6 Be7 24. Be5 Rhc8 25. Rb7 Rc3 26. Bxg7
Rg8 27. Nxe4 fxe4 28. Bh6 Rg6 29. Bd2 Rcc6 30. Bb4 Rge6 31. Bc5 Kf8 32. b4 Bxc5
33. bxc5 Re7 34. Rb6 Rxb6 35. cxb6 Rb7 36. a5 Ke7 37. Rc2 Kd7 38. Ke2 h5 39. g3
Kd6 40. Rc8 h4 41. g4 Rg7 42. g5 Ke6 43. Rc6+ Kf5 44. g6 Kf4 45. Rc1 Kf5 46.
Ke3 h3 47. Rc7 Rxg6 48. b7 Rg2 49. b8=Q Ra2 50. Rf7+ Kg4 51. Rg7+ Kf5 52. Qe5#
{Hossa checkmated} 1-0

[Event "ICS rated standard match"]
[Site "204.178.125.65"]
[Date "2000.08.07"]
[Round "?"]
[White "Hossa"]
[Black "BarryNelson"]
[Result "1-0"]
[WhiteElo "2358"]
[BlackElo "2156"]
[PlyCount "63"]
[EventDate "2000.??.??"]

1. e4 c5 2. Nf3 Nf6 3. e5 Nd5 4. Nc3 e6 5. Nxd5 exd5 6. d4 Nc6 7. dxc5 Bxc5 8.
Qxd5 d6 9. exd6 Qb6 10. Qe4+ Be6 11. Bc4 Bxf2+ 12. Ke2 O-O 13. Bxe6 Rae8 14.
Ng5 Rxe6 15. Nxe6 Re8 16. Kd1 Rxe6 17. Qf4 Rf6 18. Qd2 Qc5 19. Re1 Bxe1 20.
Qxe1 Rxd6+ 21. Bd2 Re6 22. Qf1 Rf6 23. Qe1 Re6 24. Qf1 Rf6 25. Qe1 Qh5+ 26. Qe2
Rf1+ 27. Be1 Qxe2+ 28. Kxe2 Rh1 29. h3 g5 30. Rd1 Rh2 31. Kf2 g4 32. Kg1 {
BarryNelson resigns} 1-0

[Event "ICS rated standard match"]
[Site "204.178.125.65"]
[Date "2000.08.07"]
[Round "?"]
[White "BarryNelson"]
[Black "Hossa"]
[Result "1/2-1/2"]
[WhiteElo "2146"]
[BlackElo "2363"]
[PlyCount "32"]
[EventDate "2000.??.??"]

1. e4 c5 2. Nf3 d6 3. Nc3 Nf6 4. d4 cxd4 5. Qxd4 Nc6 6. Bb5 a6 7. Bxc6+ bxc6 8.
e5 c5 9. Qd3 Ng4 10. Qe4 Ra7 11. exd6 Qxd6 12. Bf4 Qb6 13. O-O Nf6 14. Qe5 Ng4
15. Qe4 Nf6 16. Qe5 Ng4 1/2-1/2

[Event "ICS rated blitz match"]
[Site "204.178.125.65"]
[Date "2000.08.07"]
[Round "?"]
[White "Dorky"]
[Black "Hossa"]
[Result "0-1"]
[WhiteElo "2354"]
[BlackElo "2536"]
[PlyCount "160"]
[EventDate "2000.??.??"]

1. e4 e6 2. d4 d5 3. Nd2 c5 4. exd5 exd5 5. Ngf3 Nf6 6. Bb5+ Bd7 7. Bxd7+ Nbxd7
8. O-O Be7 9. dxc5 Nxc5 10. Nb3 Nxb3 11. axb3 O-O 12. Re1 Re8 13. Qd4 Ne4 14.
Re2 Bc5 15. Qd3 Qb6 16. Be3 Bxe3 17. Rxe3 Nf6 18. Rxe8+ Rxe8 19. Nd4 Ng4 20. h3
Nf6 21. c3 a6 22. Qd2 Qd6 23. Re1 Rxe1+ 24. Qxe1 g6 25. Qe3 Kf8 26. Kf1 Kg7 27.
Ke2 a5 28. Kd3 Ne4 29. f3 Nc5+ 30. Kc2 Qg3 31. Qe2 Qh2 32. g4 Qxe2+ 33. Nxe2
Ne6 34. Kd3 Ng5 35. Ng1 Ne6 36. Ne2 g5 37. Ke3 Kf6 38. f4 h6 39. f5 Nc5 40. Kd4
Nxb3+ 41. Kxd5 Nd2 42. Nd4 a4 43. Nb5 Nf1 44. Kd4 h5 45. Nd6 hxg4 46. hxg4 Nh2
47. Ne4+ Ke7 48. Kc5 Nxg4 49. Nxg5 Nf2 50. Kb4 Kf6 51. Nh7+ Kxf5 52. Kxa4 Nd3
53. b3 Ne5 54. Kb5 Kg6 55. Nf8+ Kg7 56. Kb6 Kxf8 57. Kxb7 f5 58. Kc7 f4 59. Kb6
Ke7 60. Kc5 f3 61. Kd4 f2 62. Kxe5 Kd7 63. b4 Kc6 64. Ke4 Kd6 65. c4 Ke6 66. b5
Kd6 67. Kd4 Kd7 68. Kc5 Ke6 69. b6 Kd7 70. b7 Kc7 71. Kd4 f1=Q 72. b8=Q+ Kxb8
73. Ke3 Qxc4 74. Kf2 Kc7 75. Kg1 Qc2 76. Kh1 Kd6 77. Kg1 Ke5 78. Kh1 Kf4 79.
Kg1 Kg3 80. Kf1 Qd1# {Dorky checkmated} 0-1

[Event "ICS rated blitz match"]
[Site "204.178.125.65"]
[Date "2000.08.07"]
[Round "?"]
[White "Hossa"]
[Black "Dorky"]
[Result "0-1"]
[WhiteElo "2544"]
[BlackElo "2346"]
[PlyCount "136"]
[EventDate "2000.??.??"]

1. e4 e5 2. f4 Bc5 3. Nf3 d6 4. Bc4 Nf6 5. fxe5 Nxe4 6. d4 d5 7. dxc5 dxc4 8.
Qxd8+ Kxd8 9. Ng5 Nxg5 10. Bxg5+ Ke8 11. Nc3 h6 12. Bh4 Bg4 13. h3 Be6 14. Rd1
Na6 15. c6 bxc6 16. Rd2 c5 17. Kf2 g5 18. Bg3 Rd8 19. Rhd1 Rxd2+ 20. Rxd2 Ke7
21. Nb5 Rb8 22. a4 Bd7 23. c3 Bxb5 24. axb5 Rxb5 25. h4 Rb8 26. Kf3 Re8 27. Kg4
f6 28. hxg5 hxg5 29. Kf5 fxe5 30. Bxe5 Rf8+ 31. Kxg5 Ke6 32. Bg7 Rf1 33. g4 Nb8
34. Re2+ Kd5 35. Re8 Nc6 36. Rc8 Rf2 37. Rxc7 Rxb2 38. Rf7 Ke4 39. Rf5 Rb7 40.
Bf6 Rb5 41. Rf1 a5 42. Re1+ Kd3 43. Kf4 a4 44. Ra1 Ra5 45. g5 Ra7 46. g6 Ne7
47. Bxe7 Rxe7 48. Kg5 Kxc3 49. Kf6 Re2 50. Rg1 Re8 51. Rg3+ Kb4 52. g7 Rg8 53.
Rg2 a3 54. Kf7 Rxg7+ 55. Rxg7 a2 56. Rg1 c3 57. Ke6 Kb3 58. Rg7 a1=Q 59. Rb7+
Kc4 60. Rf7 c2 61. Rf4+ Kb5 62. Rg4 Qa6+ 63. Kf5 Qc8+ 64. Kf6 c1=Q 65. Rh4 Qf1+
66. Rf4 Qxf4+ 67. Kg6 Qff5+ 68. Kg7 Qcf8# {Hossa checkmated} 0-1

[Event "ICS rated standard match"]
[Site "204.178.125.65"]
[Date "2000.08.07"]
[Round "?"]
[White "BarryNelson"]
[Black "Hossa"]
[Result "1/2-1/2"]
[WhiteElo "2148"]
[BlackElo "2356"]
[PlyCount "22"]
[EventDate "2000.??.??"]

1. e4 e5 2. Nf3 d6 3. d4 exd4 4. Qxd4 Nc6 5. Bb5 a6 6. Bxc6+ bxc6 7. Nc3 c5 8.
Qd5 Be6 9. Qc6+ Bd7 10. Qd5 Be6 11. Qc6+ Bd7 1/2-1/2

[Event "ICS rated blitz match"]
[Site "204.178.125.65"]
[Date "2000.08.07"]
[Round "?"]
[White "MissSilicon"]
[Black "Hossa"]
[Result "1-0"]
[WhiteElo "2733"]
[BlackElo "2520"]
[PlyCount "149"]
[EventDate "2000.??.??"]

1. d4 Nf6 2. c4 e6 3. Nf3 b6 4. e3 Bb7 5. Bd3 c5 6. Nc3 Bxf3 7. Qxf3 Nc6 8. d5
Ne5 9. Qd1 Nxd3+ 10. Qxd3 Ng4 11. Qe2 Qh4 12. g3 Qh3 13. f3 Nf6 14. Nb5 Kd8 15.
e4 a6 16. Nc3 exd5 17. cxd5 d6 18. Bg5 Be7 19. O-O-O Nd7 20. Bxe7+ Kxe7 21. Qf1
Qxf1 22. Rhxf1 b5 23. a3 b4 24. axb4 cxb4 25. Ne2 Rhc8+ 26. Kd2 Ne5 27. Nd4
Nc4+ 28. Ke2 Nxb2 29. Rb1 Nc4 30. Rxb4 Ke8 31. Rc1 Ne5 32. Rxc8+ Rxc8 33. Rb6
Rc4 34. Nf5 Rc2+ 35. Kd1 Rxh2 36. Nxg7+ Kd7 37. Rxa6 Nxf3 38. Nf5 Kc7 39. Rc6+
Kb8 40. Rxd6 Rd2+ 41. Kc1 Re2 42. Rd8+ Kc7 43. Re8 Ng5 44. d6+ Kd7 45. Re7+ Kc6
46. Rc7+ Kb6 47. Rc8 Re1+ 48. Kc2 Re2+ 49. Kd1 Rg2 50. d7 Ne6 51. d8=Q+ Nxd8
52. Rxd8 Rh2 53. Rf8 Kb5 54. Rxf7 Kc4 55. Rd7 h5 56. e5 Rf2 57. Ne3+ Kc5 58. e6
Rf3 59. Rd3 Rf8 60. e7 Re8 61. Nf5 Kb6 62. Rd8 Rxe7 63. Nxe7 Kc5 64. Rd5+ Kb6
65. Rxh5 Kc7 66. Rd5 Kb7 67. g4 Kc7 68. g5 Kb6 69. g6 Kb7 70. g7 Kc7 71. g8=Q
Kb7 72. Qc8+ Kb6 73. Qc6+ Ka7 74. Nc8+ Kb8 75. Rb5# {Hossa checkmated} 1-0

[Event "ICS rated standard match"]
[Site "204.178.125.65"]
[Date "2000.08.07"]
[Round "?"]
[White "Hossa"]
[Black "IZZYLISTED"]
[Result "0-1"]
[WhiteElo "2349"]
[BlackElo "2153"]
[PlyCount "74"]
[EventDate "2000.??.??"]

1. e4 c5 2. Nf3 Nf6 3. e5 Nd5 4. Nc3 e6 5. Nxd5 exd5 6. d4 Nc6 7. dxc5 Bxc5 8.
Qxd5 d6 9. exd6 Qb6 10. Qe4+ Be6 11. Bc4 Bxf2+ 12. Ke2 O-O 13. Bxe6 Rae8 14.
Ng5 Rxe6 15. Nxe6 Re8 16. Kd1 Rxe6 17. Qf4 Rf6 18. Qd2 Ne5 19. Qc3 Rxd6+ 20.
Ke2 Bd4 21. Qh3 Qb5+ 22. Ke1 Re6 23. Kd1 Qd5 24. c4 Nxc4 25. Qf3 Qd7 26. Kc2
Ne5 27. Qe4 Nc4 28. Qf3 Rf6 29. Qh3 Qc6 30. Kd3 Ne5+ 31. Kxd4 Qc4+ 32. Kxe5 Rc6
33. Qc8+ Rxc8 34. Bf4 Rc5+ 35. Kd6 Qd5+ 36. Ke7 Qe6+ 37. Kd8 Rc8# {
Hossa checkmated} 0-1

[Event "ICS rated blitz match"]
[Site "204.178.125.65"]
[Date "2000.08.07"]
[Round "?"]
[White "Hossa"]
[Black "Dorky"]
[Result "1-0"]
[WhiteElo "2513"]
[BlackElo "2372"]
[PlyCount "141"]
[EventDate "2000.??.??"]

1. e4 e6 2. d4 d5 3. Nc3 Nf6 4. Bg5 dxe4 5. Nxe4 Be7 6. Bxf6 gxf6 7. Nf3 b6 8.
Bc4 Bb7 9. Qe2 c6 10. g4 Nd7 11. O-O-O Qc7 12. Kb1 Qf4 13. Ne1 O-O-O 14. Ng2
Qc7 15. Ba6 Rhg8 16. Bxb7+ Kxb7 17. f4 Kb8 18. Qf3 h6 19. c4 Nf8 20. h3 Qd7 21.
f5 exf5 22. gxf5 Qc7 23. Rhe1 Nh7 24. h4 Bb4 25. Re2 Rde8 26. Ne3 Be7 27. Ng4
Bf8 28. Nexf6 Nxf6 29. Nxf6 Rxe2 30. Qxe2 Rh8 31. Qe8+ Qc8 32. Nd7+ Kc7 33.
Qxc8+ Kxc8 34. Ne5 Kc7 35. Nxf7 Rh7 36. Ne5 Be7 37. h5 Bf6 38. Ng4 Bg5 39. d5
cxd5 40. cxd5 Kd6 41. f6 Rf7 42. a3 Rf8 43. b3 Bxf6 44. Nxh6 Bg5 45. Ng4 Rh8
46. Rh1 Bh6 47. Kc2 Kxd5 48. Nxh6 Rxh6 49. Kd3 a5 50. Rh2 b5 51. Rh4 Ke5 52. a4
b4 53. Kc4 Rh8 54. Kb5 Kf6 55. Kxa5 Kg5 56. Rh2 Rb8 57. h6 Kg6 58. h7 Rh8 59.
Kxb4 Rxh7 60. Rxh7 Kxh7 61. a5 Kg7 62. a6 Kf7 63. a7 Ke7 64. Kc5 Ke6 65. a8=Q
Ke7 66. Qh8 Kf7 67. Kd5 Kg6 68. Ke5 Kg5 69. Qg8+ Kh4 70. Kf4 Kh3 71. Qg3# {
Dorky checkmated} 1-0

[Event "ICS rated standard match"]
[Site "204.178.125.65"]
[Date "2000.08.07"]
[Round "?"]
[White "Hossa"]
[Black "escadra"]
[Result "1-0"]
[WhiteElo "2334"]
[BlackElo "2103"]
[PlyCount "27"]
[EventDate "2000.??.??"]

1. e4 e6 2. d4 d5 3. Nc3 Bb4 4. e5 b6 5. a3 Bxc3+ 6. bxc3 Ne7 7. Qg4 O-O 8. Bg5
Qd7 9. Bd3 Ba6 10. Bxh7+ Kxh7 11. Qh4+ Kg8 12. Bxe7 Re8 13. Bf6 Qb5 14. Qg3 {
escadra resigns} 1-0

[Event "ICS rated blitz match"]
[Site "204.178.125.65"]
[Date "2000.08.07"]
[Round "?"]
[White "Dorky"]
[Black "Hossa"]
[Result "0-1"]
[WhiteElo "2362"]
[BlackElo "2523"]
[PlyCount "74"]
[EventDate "2000.??.??"]

1. e4 e5 2. Nf3 d6 3. d4 exd4 4. Nxd4 g6 5. Nc3 Bg7 6. Bf4 Ne7 7. Bb5+ c6 8.
Be2 d5 9. O-O dxe4 10. Be3 f5 11. Nb3 Nd5 12. Nxd5 Qxd5 13. Qc1 Nd7 14. Rd1 Qf7
15. Nd2 Ne5 16. f3 exf3 17. Nxf3 Nxf3+ 18. Bxf3 O-O 19. Bh6 Bxh6 20. Qxh6 Qf6
21. b3 f4 22. Re1 Be6 23. Rad1 Rad8 24. Be4 Rxd1 25. Rxd1 Bd5 26. Bxd5+ cxd5
27. Rxd5 f3 28. gxf3 Qxf3 29. Qxf8+ Kxf8 30. Rd2 Qe4 31. Rf2+ Kg7 32. a4 Kh6
33. h3 Kh5 34. Rf7 Kh4 35. Rxh7+ Kg3 36. Kf1 Qe3 37. Rf7 Qd2 {Dorky resigns}
0-1

[Event "ICS rated blitz match"]
[Site "204.178.125.65"]
[Date "2000.08.07"]
[Round "?"]
[White "Hossa"]
[Black "counterplay"]
[Result "0-1"]
[WhiteElo "2532"]
[BlackElo "2703"]
[PlyCount "158"]
[EventDate "2000.??.??"]

1. e4 c5 2. Nf3 Nc6 3. Bb5 d6 4. Nc3 Nf6 5. d4 cxd4 6. Nxd4 Bd7 7. O-O Nxd4 8.
Bxd7+ Qxd7 9. Qxd4 e5 10. Qd3 Be7 11. Bg5 O-O 12. Rfd1 Rad8 13. Bxf6 Bxf6 14.
Nd5 Qe6 15. Qa3 a6 16. Qb3 Rb8 17. Qg3 Rbc8 18. Rd2 h6 19. Qb3 Bg5 20. Rdd1 Rb8
21. Qd3 f5 22. f3 Rbc8 23. Rf1 b5 24. Rad1 fxe4 25. fxe4 Rxf1+ 26. Rxf1 Kh8 27.
c3 Qg4 28. b3 Kh7 29. a4 bxa4 30. bxa4 a5 31. Rf2 Rc5 32. Rf7 Kg8 33. Rf3 Qe6
34. Qb1 Kh7 35. Qf1 Qg4 36. Qd3 Qd7 37. Qd1 Rc4 38. Nb6 Qa7 39. Qxd6 Rxa4 40.
Kf2 Rxe4 41. Qe6 Rf4 42. Rxf4 Bxf4 43. c4 Bxh2 44. g3 Qb7 45. Qf5+ g6 46. Qf6
h5 47. c5 Qc7 48. Qd6 Qf7+ 49. Kg2 Qa2+ 50. Kh3 Bg1 51. Qe7+ Kh6 52. Qf8+ Kg5
53. Qd8+ Kf5 54. Qd3+ e4 55. Qd7+ Qe6 56. Qb5 e3 57. Qa4 Kf6+ 58. Kg2 e2 59.
Qa1+ Kg5 60. Qe1 Bxc5 61. Qd2+ Qe3 62. Nc4 e1=Q 63. Qd5+ Kh6 64. Nxe3 Bxe3 65.
Qc4 Qf2+ 66. Kh3 Qf3 67. Kh2 Bf2 68. Qf4+ Qxf4 69. gxf4 a4 70. Kg2 Bb6 71. Kf1
a3 72. Ke2 h4 73. Kf3 a2 74. Ke4 h3 75. Kf3 a1=Q 76. Ke2 h2 77. Kd2 h1=Q 78.
Kd3 Qhf1+ 79. Kd2 Qb2# {Hossa checkmated} 0-1

[Event "ICS rated standard match"]
[Site "204.178.125.65"]
[Date "2000.08.07"]
[Round "?"]
[White "Hossa"]
[Black "MaxDev"]
[Result "0-1"]
[WhiteElo "2354"]
[BlackElo "2200"]
[PlyCount "132"]
[EventDate "2000.??.??"]

1. e4 c5 2. Nf3 Nc6 3. d4 cxd4 4. Nxd4 e5 5. Nb5 a6 6. Nd6+ Bxd6 7. Qxd6 Qf6 8.
Qd1 Qg6 9. Nc3 d5 10. Nxd5 Qxe4+ 11. Be3 Nd4 12. Nc7+ Ke7 13. Nxa8 Nxc2+ 14.
Kd2 Nxe3 15. fxe3 Nf6 16. Qb3 Rd8+ 17. Ke1 Ng4 18. Qa3+ Kf6 19. Qc5 Be6 20. Nc7
Nxe3 21. Nxe6 Nxg2+ 22. Kf2 Rd2+ 23. Kg1 Nh4 24. Qf2+ Rxf2 25. Kxf2 Qf3+ 26.
Ke1 Qxh1 27. Nc5 Qxh2 28. Ne4+ Ke7 29. Nd2 e4 30. Kd1 e3 31. Nb3 Nf3 32. Be2
Nd4 33. Nxd4 Qg1+ 34. Kc2 Qxa1 35. Nf5+ Kf6 36. Nxe3 Qxa2 37. Bc4 Qa5 38. Nd5+
Kg5 39. b4 Qd8 40. Nc3 f5 41. Nd5 b5 42. Bb3 h5 43. Kd3 h4 44. Ke3 Qe8+ 45. Kf2
Qe4 46. Ne3 Qxb4 47. Bd1 Qd2+ 48. Be2 f4 49. Nf1 Qd4+ 50. Ke1 h3 51. Bf3 Qg1
52. Ke2 b4 53. Bc6 b3 54. Nd2 Qe3+ 55. Kd1 h2 56. Bb7 a5 57. Bd5 a4 58. Ne4+
Kh4 59. Nd2 b2 60. Kc2 a3 61. Nf3+ Kg3 62. Nd2 Qxd2+ 63. Kxd2 b1=Q 64. Bc4 h1=Q
65. Kc3 Qhd1 66. Bd3 Qdxd3# {Hossa checkmated} 0-1

[Event "ICS Rated standard match"]
[Site "204.178.125.65"]
[Date "2000.08.07"]
[Round "?"]
[White "Hossa"]
[Black "ezmoney"]
[Result "1-0"]
[WhiteElo "2353"]
[BlackElo "1935"]
[PlyCount "159"]
[EventDate "2000.??.??"]

1. d4 Nf6 2. Nf3 c6 3. e3 d5 4. Bd3 Bg4 5. h3 Bh5 6. Nbd2 Nbd7 7. c4 e6 8. g4
Bg6 9. Bxg6 hxg6 10. g5 Ng8 11. Ke2 Bd6 12. Kd3 dxc4+ 13. Nxc4 Bc7 14. Kc2 Ne7
15. e4 Nb6 16. Na5 Qc8 17. Nb3 Bd6 18. Be3 a5 19. Ne5 Qc7 20. f4 Nd7 21. Nxd7
Qxd7 22. Nd2 Rc8 23. Nc4 Bc7 24. Ne5 Bxe5 25. dxe5 Qxd1+ 26. Raxd1 c5 27. Bf2
b6 28. Rd6 Rc6 29. a4 Rxd6 30. exd6 Nc6 31. e5 Kd7 32. Kd3 Nb4+ 33. Ke2 Nd5 34.
Kf3 f6 35. Ke4 fxg5 36. fxg5 Rf8 37. Bg3 Rf5 38. h4 Kc6 39. Rc1 Nb4 40. Rd1 Nd5
41. Rg1 Kd7 42. Rg2 Nb4 43. Re2 Nd5 44. Rf2 Kc6 45. Kd3 Rxf2 46. Bxf2 Kd7 47.
Be1 Kc6 48. Bd2 Kd7 49. Ke2 Kc6 50. Kf2 Kd7 51. Ke1 Kc6 52. Kf1 Kd7 53. b3 Kc6
54. Kf2 Kd7 55. Kf3 Kc6 56. Ke2 Kd7 57. Kd3 Kc6 58. Kc2 Kd7 59. Kc1 Kc6 60. Kb2
Kd7 61. Be1 Kc6 62. Kc2 Kd7 63. Kd1 Kc6 64. Ke2 Kd7 65. Kf2 Kc6 66. Kf3 Kd7 67.
Ke4 Kc6 68. Kd3 Nf4+ 69. Ke3 Nd5+ 70. Kd2 Kd7 71. Kd3 Kd8 72. Kc4 Kd7 73. Kb5
Kc8 74. Kc6 Kd8 75. Bd2 Kc8 76. d7+ Kd8 77. Kd6 Nc7 78. h5 gxh5 79. g6 h4 80.
Bg5# {ezmoney checkmated} 1-0

[Event "ICS rated blitz match"]
[Site "204.178.125.65"]
[Date "2000.08.07"]
[Round "?"]
[White "TASC"]
[Black "Hossa"]
[Result "0-1"]
[WhiteElo "2333"]
[BlackElo "2523"]
[PlyCount "70"]
[EventDate "2000.??.??"]

1. e4 e5 2. Nf3 d6 3. d4 exd4 4. Nxd4 g6 5. Nc3 Bg7 6. Be3 Nf6 7. Qd2 O-O 8.
O-O-O Re8 9. f3 Nc6 10. g4 Nd7 11. Bg5 Nf6 12. Nxc6 bxc6 13. Bh6 Rb8 14. Bxg7
Kxg7 15. Qe3 a5 16. Qa7 Be6 17. g5 Nd7 18. Qd4+ Kg8 19. h4 Rb6 20. Bh3 Bxh3 21.
Rxh3 Qb8 22. Ne2 c5 23. Qc3 Qd8 24. Qxa5 Ne5 25. Qc3 Qa8 26. Nf4 Qxa2 27. Nd5
Nd7 28. Nxb6 Nxb6 29. h5 Nc4 30. b4 Ra8 31. Qxc4 Qxc4 32. Kd2 cxb4 33. Rc1 Qc5
34. Ke2 Qxg5 35. Rhh1 Qg2+ {TASC resigns} 0-1

[Event "ICS rated blitz match"]
[Site "204.178.125.65"]
[Date "2000.08.07"]
[Round "?"]
[White "Hossa"]
[Black "TASC"]
[Result "1/2-1/2"]
[WhiteElo "2531"]
[BlackElo "2325"]
[PlyCount "103"]
[EventDate "2000.??.??"]

1. e4 e5 2. Nf3 Nc6 3. Bc4 Bc5 4. c3 Nf6 5. d3 d6 6. h3 a6 7. O-O Ba7 8. Bg5
O-O 9. d4 h6 10. Bxf6 Qxf6 11. d5 Ne7 12. Kh1 c6 13. dxc6 bxc6 14. Qe2 d5 15.
Bb3 d4 16. Na3 Bc5 17. Nc2 dxc3 18. bxc3 Rd8 19. Nb4 a5 20. Nd3 Ba6 21. c4 Bd6
22. Qe3 a4 23. Bxa4 Bxc4 24. Bb3 Bxd3 25. Qxd3 Bc5 26. Qe2 Rab8 27. Rfd1 Bd4
28. Rac1 Ng6 29. Qa6 Rbc8 30. Rc2 Nf4 31. Qb7 Qg6 32. Nh4 Qh5 33. Nf3 c5 34.
Rg1 Rb8 35. Qe7 Re8 36. Qd7 Nd3 37. Rf1 Qg6 38. Rd2 Nf4 39. Nh4 Qf6 40. Nf5
Rbd8 41. Qb7 Qg6 42. Rg1 Kf8 43. Ba4 Re6 44. Qc7 Qf6 45. Bb5 Rb6 46. a4 Rbb8
47. Bc4 Rbc8 48. Qa7 Ra8 49. Qc7 Rac8 50. Qa7 Ra8 51. Qc7 Rac8 52. Qa7 1/2-1/2

[Event "ICS rated blitz match"]
[Site "204.178.125.65"]
[Date "2000.08.07"]
[Round "?"]
[White "TASC"]
[Black "Hossa"]
[Result "1-0"]
[WhiteElo "2335"]
[BlackElo "2522"]
[PlyCount "93"]
[EventDate "2000.??.??"]

1. e4 e5 2. Nf3 d6 3. d4 exd4 4. Nxd4 g6 5. Nc3 Bg7 6. Be3 Nf6 7. Qd2 O-O 8.
O-O-O Re8 9. f3 Nc6 10. h4 Nh5 11. Nxc6 bxc6 12. Bc4 Ng3 13. Bg5 Qd7 14. Rhe1
Rb8 15. Bf4 Nh5 16. Bh6 Bf6 17. g4 Ng3 18. Bf4 Rb4 19. Bd3 Bxh4 20. Rg1 Nxe4
21. Nxe4 c5 22. g5 Rexe4 23. fxe4 f6 24. Rdf1 Bb7 25. c3 Ra4 26. b3 Rxe4 27.
Bxe4 Bxe4 28. gxf6 Bxf6 29. Bxd6 cxd6 30. Rxf6 d5 31. Qh6 Qe7 32. Rgf1 Bf5 33.
Qg5 Qe5 34. R1xf5 Qxc3+ 35. Kb1 Qd3+ 36. Kb2 Qd4+ 37. Kc2 Qe4+ 38. Kc1 Qe1+ 39.
Kb2 Qe8 40. Rxd5 Kg7 41. Rc6 Qf7 42. Qe5+ Kh6 43. Rd2 Qf5 44. Qxf5 c4 45. Rh2+
Kg7 46. Qd7+ Kf8 47. Rc8# {Hossa checkmated} 1-0